| 000 | 00548nam a2200181 a 4500 | ||
|---|---|---|---|
| 005 | 20250111063821.0 | ||
| 008 | 991125s1969 fr 000 0 fre u | ||
| 035 | _aUPN01000002972 | ||
| 049 | _aCG | ||
| 050 | 4 |
_aL101 _aA5.5 |
|
| 245 | 0 | 0 | _aAnnuaire international de l'éducation. |
| 260 |
_aParís : _bUNESCO, Bureau International d'Education, _c1969. |
||
| 300 | _alxxii, 601 p. | ||
| 440 | 0 |
_aBureau International d'Education. _pPublication ; _v321 |
|
| 505 | 8 |
_aContenido: _gv.30. _t1968 |
|
| 650 | 4 |
_aEducación _vAnuarios _96599 |
|
| 905 | _aLibro | ||
| 999 |
_c2972 _d2972 |
||